Statistics for Countries Containing "G" In Their Name

Click here to take the quiz!

General Stats

  • This quiz has been taken 96 times
    (87 since last reset)
  • The average score is 28 of 33

Answer Stats

Country% Correct
Angola
96%
Algeria
95%
Afghanistan
92%
Argentina
92%
Paraguay
92%
Antigua and Barbuda
91%
Belgium
91%
United Kingdom
91%
Uruguay
91%
DR Congo
89%
Rep. of the Congo
89%
Egypt
87%
Portugal
87%
Uganda
87%
Bulgaria
85%
Mongolia
85%
Equatorial Guinea
84%
Bangladesh
83%
Madagascar
83%
Togo
83%
Tonga
83%
Niger
81%
Nigeria
81%
Kyrgyzstan
80%
Hungary
79%
Nicaragua
79%
Papua New Guinea
77%
Bosnia and Herzegovina
76%
Saint Vincent and the Grenadines
76%
Singapore
76%
Montenegro
75%
Senegal
75%
Trinidad and Tobago
68%

Score Distribution

Percentile by Number Answered

Percent of People with Each Score

Your Score History

You have not taken this quiz since the last reset